Mark Gallacher and Another v George Wood (expenses) (Record no. 81490)

MARC details
000 -LEADER
fixed length control field 01207cad a22001935a 4500
001 - CONTROL NUMBER
control field E147341
008 - FIXED-LENGTH DATA ELEMENTS--GENERAL INFORMATION
fixed length control field 090501e20080228xxk 000 0 eng d
035 ## - SYSTEM CONTROL NUMBER
System control number (Sirsi) u147341
041 0# - LANGUAGE CODE
Language code of text/sound track or separate title eng
245 00 - TITLE STATEMENT
Title Mark Gallacher and Another v George Wood (expenses)
Remainder of title note
Medium [electronic resource]
260 ## - PUBLICATION, DISTRIBUTION, ETC.
Date of publication, distribution, etc. 2008
520 ## - SUMMARY, ETC.
Summary, etc. LTS/TC/2007/02 2 February 2008. Concerned a request for expenses and the certification of an skilled witness in relation to an application for the variation or discharge of a title condition which was an ongoing building restriction contained in a Feu Contract of 1933 (see E147340). "Held": the applicants are entitled to three-quarters of their expenses; the employment of junior counsel is sanctioned; however the witnesses for the applicants are not certified as skilled witnesses in relation to these proceedings.
650 24 - SUBJECT ADDED ENTRY--TOPICAL TERM
Topical term or geographic name entry element MARK GALLACHER AND ANOR V GEORGE WOOD
650 24 - SUBJECT ADDED ENTRY--TOPICAL TERM
Topical term or geographic name entry element TITLE CONDITIONS (SCOTLAND) ACT 2003 S90
651 #4 - SUBJECT ADDED ENTRY--GEOGRAPHIC NAME
Geographic name Scotland
Chronological subdivision 1999-
690 ## - LOCAL SUBJECT ADDED ENTRY--TOPICAL TERM (OCLC, RLIN)
Topical term or geographic name as entry element Planning and development
9 (RLIN) 6259
856 40 - ELECTRONIC LOCATION AND ACCESS
Uniform Resource Identifier <a href="https://www.lands-tribunal-scotland.org.uk/decisions/LTS.TC.2007.02.a.html">https://www.lands-tribunal-scotland.org.uk/decisions/LTS.TC.2007.02.a.html</a>
Public note View the decision free of charge at www.lands-tribunal-scotland.org.uk...
942 ## - ADDED ENTRY ELEMENTS (KOHA)
Suppress in OPAC 0
Holdings
Withdrawn status Lost status Source of classification or shelving scheme Damaged status Not for loan Home library Current library Shelving location Date acquired Total Checkouts Full call number Barcode Date last seen Copy number Price effective from Koha item type
    Dewey Decimal Classification     Virtual Virtual Online 01/05/2009   ONLINE PUBLICATION 147341-2001 06/08/2019 1 06/08/2019 Law report